[Event "IECG QN.2000.0.00148"]
[Site "IECG email"]
[Date "2000.10.31"]
[Round "?"]
[White "Clark, De"]
[Black "Lim, Chai Chin"]
[Result "1-0"]
[WhiteElo "448"]
[BlackElo "552"]
[PlyCount "83"]
[EventDate "2000.10.31"]
[EventType "tourn (corr)"]
[EventRounds "6"]
[SourceTitle "Corr 2008"]
[Source "ChessBase"]
[SourceDate "2008.06.24"]
[SourceVersion "1"]
[SourceVersionDate "2008.06.24"]
[SourceQuality "1"]

1. e4 e5 2. Nf3 d6 3. Nc3 Bg4 4. h3 Bxf3 5. Qxf3 Nf6 6. Bc4 Qe7 7. Qf5 Nbd7 8. Nd5 Nxd5 9. Bxd5 0-0-0 10. Bxf7 g6 11. Qe6 Qxe6 12. Bxe6 a6 13. g3 Be7 14. Bxd7+ Kxd7 15. d3 Rdf8 16. f4 h5 17. Bd2 exf4 18. gxf4 Rf7 19. Rg1 Rg8 20. f5 g5 21. h4 g4 22. Kf2 Bxh4+ 23. Kg2 Bf6 24. Raf1 h4 25. Bc3 Be7 26. f6 h3+ 27. Kg3 Bf8 28. Rf4 h2 29. Kxh2 Rh7+ 30. Kg3 Rh3+ 31. Kg2 Bh6 32. f7 Rg6 33. f8Q Bxf8 34. Rxf8 Rh5 35. Rgf1 g3 36. R8f7+ Kc6 37. Rh1 Rhg5 38. Rhh7 d5 39. Rxc7+ Kb6 40. Rxb7+ Kc5 41. d4+ Kd6 42. Rb6# 1-0

[Event "IECG QN.2000.0.00101"]
[Site "IECG email"]
[Date "2000.03.02"]
[Round "?"]
[White "Van der Heijden, Lourens"]
[Black "Lim, Chai Chin"]
[Result "1-0"]
[WhiteElo "900"]
[BlackElo "800"]
[PlyCount "63"]
[EventDate "2000.03.02"]
[EventType "tourn (corr)"]
[EventRounds "6"]
[SourceTitle "Corr 2008"]
[Source "ChessBase"]
[SourceDate "2008.06.24"]
[SourceVersion "1"]
[SourceVersionDate "2008.06.24"]
[SourceQuality "1"]

1. e4 e5 2. Nf3 f6 3. Nc3 c6 4. Bc4 Ne7 5. d3 d6 6. h3 Ng6 7. 0-0 Be7 8. Be3 b5 9. Bb3 Na6 10. a4 b4 11. Ne2 c5 12. c3 Rb8 13. d4 bxc3 14. bxc3 Qc7 15. Rb1 Rb6 16. Ng3 Bb7 17. Bd5 Kd7 18. a5 Rxb1 19. Qxb1 Bxd5 20. exd5 Rb8 21. Qf5+ Ke8 22. Rb1 Rxb1+ 23. Qxb1 Qd7 24. Nf5 Bf8 25. dxe5 dxe5 26. c4 Ne7 27. Nxe7 Bxe7 28. Qb5 Nc7 29. Qb8+ Kf7 30. Qxa7 Qd6 31. Qb6 Bd8 32. Qxd6 1-0

[Event "IECG QN.1998.0.00034"]
[Site "IECG email"]
[Date "1998.11.06"]
[Round "?"]
[White "Lim, Chai Chin"]
[Black "Bauer, Andreas"]
[Result "1/2-1/2"]
[WhiteElo "800"]
[BlackElo "800"]
[PlyCount "87"]
[EventDate "1998.11.06"]
[EventType "tourn (corr)"]
[EventRounds "6"]
[SourceTitle "Corr 2008"]
[Source "ChessBase"]
[SourceDate "2008.06.24"]
[SourceVersion "1"]
[SourceVersionDate "2008.06.24"]
[SourceQuality "1"]

1. e4 c5 2. Nc3 Nc6 3. Bb5 Nf6 4. f3 Nd4 5. Nge2 Nxb5 6. Nxb5 e5 7. c4 Be7 8. 0-0 0-0 9. d3 d6 10. Nec3 a6 11. Na3 Ne8 12. Nd5 f5 13. Nc2 f4 14. a3 Bh4 15. b4 Qg5 16. Ne1 Bh3 17. Ra2 Nf6 18. Ne7+ Kh8 19. Nf5 Bxf5 20. exf5 Qxf5 21. bxc5 dxc5 22. Qb3 Qe6 23. Re2 Qd6 24. Bb2 Rfe8 25. Nc2 b5 26. Ba1 Rab8 27. Qc3 Nd7 28. Rd1 Re6 29. Qd2 Rg6 30. Kh1 Rh6 31. h3 Bg3 32. Bc3 Rh5 33. Qc1 Bh4 34. Be1 Be7 35. Na1 b4 36. a4 a5 37. Nb3 Ra8 38. Qc2 Nb6 39. Nd2 Qc6 40. Ra1 Rh6 41. Ne4 Re6 42. Bf2 Rb8 43. Qb3 Rg6 44. Rae1 1/2-1/2